[Event "AUTO-MASTER-494"]
[Site "http://www.queenalice.com/game.php?id=380079"]
[Date "2008.3.31"]
[Round "1"]
[White "modlazek"]
[Black "anandya"]
[Result "0-1"]
[WhiteElo "2122"]
[BlackElo "1938"]

1. Nf3 d5 2. e3 Nc6 3. Bb5 Bd7 4. O-O a6 5. Ba4 b5 6. Bb3 e6 7. d3 Be7 8. a4 Na5
9. e4 Nxb3 10. cxb3 Bc6 11. Qc2 Bb7 12. Bf4 Bd6 13. e5 Be7 14. d4 h6 15. Rc1 Rc8
16. axb5 axb5 17. Ra7 Ba8 18. Bd2 b4 19. Rxc7 Rxc7 20. Qxc7 Qxc7 21. Rxc7 Kd8
22. Rc1 Kd7 23. Ne1 Bb7 24. Nd3 h5 25. Bxb4 Bxb4 26. Nxb4 Ne7 27. Nd3 Bc6 28.
Nc5+ Kc7 29. b4 Kb6 30. Na3 Bb5 31. Rc3 Nf5 32. Nc2 Ne7 33. Rh3 Nc6 34. Rf3 Nd8
35. b3 Rh6 36. Na4+ Bxa4 37. bxa4 g5 38. Rc3 Nc6 0-1

[Event "AUTO-MASTER-494"]
[Site "http://www.queenalice.com/game.php?id=380094"]
[Date "2008.3.31"]
[Round "1"]
[White "PedroNRF"]
[Black "modlazek"]
[Result "1-0"]
[WhiteElo "1995"]
[BlackElo "2047"]

1. d4 Nf6 2. d5 e6 3. Nc3 Be7 4. e4 O-O 5. Be3 Bb4 6. Qf3 exd5 7. exd5 Bxc3+ 8.
bxc3 c6 9. d6 Qa5 10. Ne2 Re8 11. h4 Ne4 12. Rd1 Qxa2 13. h5 Qxc2 14. h6 g6 15.
g3 b6 16. Rc1 Qb2 17. Nd4 Nxd6 18. Be2 Ne4 19. O-O d5 20. c4 Ba6 21. Rfd1 c5 22.
Rb1 Qa3 23. Ra1 Qc3 24. Rdc1 Qb4 25. Rcb1 Qxb1+ 26. Rxb1 cxd4 27. Bxd4 1-0

[Event "AUTO-MASTER-494"]
[Site "http://www.queenalice.com/game.php?id=380095"]
[Date "2008.3.31"]
[Round "1"]
[White "modlazek"]
[Black "PedroNRF"]
[Result "0-1"]
[WhiteElo "2029"]
[BlackElo "2013"]

1. e4 d5 2. e5 c5 3. Nf3 Nc6 4. Bb5 Bd7 5. Bxc6 Bxc6 6. O-O d4 7. c3 d3 8. c4 e6
9. b3 Nh6 10. Bb2 Be7 11. Ne1 Nf5 12. Na3 h5 13. Qb1 Qd7 14. Bc3 Rd8 15. f3 a6
16. Bb2 h4 17. Bc3 h3 18. g3 b6 19. Rf2 O-O 20. Kf1 Kh7 21. g4 Nh4 22. Bb2 Ng6
23. Kg1 Nf4 24. g5 Bxg5 25. Rf1 Ne2+ 26. Kh1 Bxd2 27. Qd1 Bf4 0-1

[Event "AUTO-MASTER-494"]
[Site "http://www.queenalice.com/game.php?id=380104"]
[Date "2008.3.31"]
[Round "1"]
[White "arrabi"]
[Black "modlazek"]
[Result "0-1"]
[WhiteElo "2018"]
[BlackElo "2119"]

1. e4 c5 2. Nf3 g6 3. c3 Bg7 4. d4 cxd4 5. cxd4 f5 6. Nc3 fxe4 7. Nxe4 Qa5+ 8.
Bd2 Qb6 9. Bc3 d5 10. Nc5 Nf6 11. Ne5 O-O 12. Be2 Nbd7 13. Ncd3 Nxe5 14. dxe5
Ne4 15. O-O Nxc3 16. bxc3 Qc7 17. Qb3 e6 18. f4 Bd7 19. Rad1 Rac8 20. Rc1 g5 21.
g3 gxf4 22. gxf4 Kh8 23. Kh1 Be8 24. Bg4 Bg6 25. f5 exf5 26. Bf3 f4 27. Qxd5
Rfd8 28. Nxf4 Rxd5 29. Nxg6+ hxg6 30. Bxd5 Bxe5 31. Rf7 Qd8 32. c4 Rxc4 0-1

[Event "AUTO-MASTER-494"]
[Site "http://www.queenalice.com/game.php?id=380105"]
[Date "2008.3.31"]
[Round "1"]
[White "modlazek"]
[Black "arrabi"]
[Result "1-0"]
[WhiteElo "2128"]
[BlackElo "2006"]

1. Nf3 c5 2. e4 d6 3. Be2 Nc6 4. O-O Nf6 5. Nc3 g6 6. Bb5 Bd7 7. Re1 Bg7 8. Bxc6
Bxc6 9. e5 Ng4 10. e6 O-O 11. Ng5 f5 12. Qe2 Be5 13. Nf7 Bxh2+ 14. Kh1 Qc7 15.
f3 Ne5 16. Nh6+ Kg7 17. Kxh2 Kxh6 18. d4+ f4 19. dxe5 d5 20. Qf2 g5 21. Qxc5 Qd8
22. Kg1 d4 23. Ne2 d3 24. cxd3 Qxd3 25. Qxe7 Rae8 26. Qb4 a5 27. Qxa5 Rxe6 28.
Qc5 Rfe8 29. Nd4 Rg6 30. e6 Rf6 31. Re5 Rc8 32. Rxg5 1-0

[Event "Challenge"]
[Site "http://www.queenalice.com/game.php?id=387825"]
[Date "2008.4.15"]
[Round "-"]
[White "topkony"]
[Black "modlazek"]
[Result "0-1"]
[WhiteElo "1310"]
[BlackElo "2136"]

1. b3 d5 2. Bb2 e6 3. e3 Nf6 4. c4 Be7 5. Nf3 O-O 6. Nc3 Ne4 7. Be2 Bb4 8. Qc2
Bxc3 9. Bxc3 Nc6 10. a3 Nxc3 11. Qxc3 Bd7 12. O-O Re8 13. Rfe1 dxc4 14. Bxc4 e5
15. d4 exd4 16. Nxd4 Qf6 17. Rad1 Rad8 18. Bd5 Nxd4 19. Rxd4 c6 20. Bf3 b6 21.
b4 Rf8 22. Red1 Be8 23. Qc4 Rxd4 24. Rxd4 Kh8 25. Qa6 Qe7 26. Qc8 c5 27. Rd8
cxb4 28. Bc6 bxa3 29. Bxe8 a2 30. Rd1 Qa3 31. g3 a1=R 32. Rxa1 Qxa1+ 33. Kg2 Qe5
0-1

[Event "Challenge"]
[Site "http://www.queenalice.com/game.php?id=397750"]
[Date "2008.5.4"]
[Round "-"]
[White "mole"]
[Black "modlazek"]
[Result "1-0"]
[WhiteElo "2236"]
[BlackElo "2012"]

1. e4 c5 2. c3 d5 3. exd5 Qxd5 4. d4 cxd4 5. cxd4 Nc6 6. Nf3 Bg4 7. Nc3 Qf5 8.
d5 Bxf3 9. gxf3 O-O-O 10. Be3 Nf6 11. Bd3 Qd7 12. dxc6 1-0

[Event "Challenge"]
[Site "http://www.queenalice.com/game.php?id=421291"]
[Date "2008.6.22"]
[Round "-"]
[White "vasileC"]
[Black "modlazek"]
[Result "0-1"]
[WhiteElo "1665"]
[BlackElo "1979"]

1. Nf3 Nf6 2. g3 e6 3. Bg2 d5 4. d4 Bb4+ 5. c3 Bd6 6. O-O O-O 7. Bg5 Nc6 8. Nbd2
Be7 9. Bxf6 Bxf6 10. h4 e5 11. dxe5 Nxe5 12. Kh2 c5 13. Nxe5 Bxe5 14. Nf3 Bf6
15. Qc2 Re8 16. h5 Bg4 17. h6 gxh6 18. Rh1 Bg7 19. Kg1 Qf6 20. Re1 Bf5 21. Qd2
Be4 22. Nh4 Rad8 23. Qf4 Qxf4 24. gxf4 d4 0-1

[Event "AUTO-ADV-979"]
[Site "http://www.queenalice.com/game.php?id=436690"]
[Date "2008.7.21"]
[Round "1"]
[White "erig1969"]
[Black "modlazek"]
[Result "1-0"]
[WhiteElo "1986"]
[BlackElo "1923"]

1. d4 Nf6 2. c4 e6 3. g3 d5 4. cxd5 Qxd5 5. Nf3 Bb4+ 6. Nc3 O-O 7. Bd2 Bxc3 8.
bxc3 c5 9. Bg2 cxd4 10. cxd4 Nc6 11. Bc3 Ne4 12. Qd3 Nxc3 13. Qxc3 Rd8 14. e3 e5
15. O-O exd4 16. Nxd4 Nxd4 17. exd4 Qxd4 18. Qxd4 Rxd4 19. Rfd1 Rxd1+ 20. Rxd1
g6 21. Rd8+ Kg7 22. Bh3 f5 23. g4 Kf6 24. gxf5 gxf5 25. Kg2 a5 26. Kf3 a4 27.
Kf4 a3 28. Bxf5 Ra4+ 29. Be4 Be6 30. Rd2 Rb4 31. Rd3 Rb2 32. Rxa3 Rxf2+ 33. Kg3
Rxa2 34. Rf3+ Ke5 35. Bxb7 Re2 36. Rc3 Bd5 37. Rc5 Rd2 38. Bc8 Rg2+ 39. Kh3 Rb2
40. Kg3 Kd4 41. Rc7 Rg2+ 42. Kh3 Rg8 43. Bf5 h6 44. Rh7 Ke5 45. Bg4 Rg6 46. Re7+
Kf4 47. Bd1 Re6 48. Rf7+ Kg5 49. Rg7+ Kf6 50. Rh7 Kg6 51. Rh8 Re1 52. Bc2+ Kg5
53. Kg3 Rg1+ 54. Kf2 Rg2+ 55. Ke3 Rxc2 56. Kd4 Bf7 57. h4+ 1-0

[Event "AUTO-ADV-979"]
[Site "http://www.queenalice.com/game.php?id=436691"]
[Date "2008.7.21"]
[Round "1"]
[White "modlazek"]
[Black "erig1969"]
[Result "1-0"]
[WhiteElo "1982"]
[BlackElo "1987"]

1. Nh3 d5 2. g3 e5 3. d4 e4 4. f3 exf3 5. exf3 Qe7+ 6. Qe2 Qxe2+ 7. Kxe2 Nc6 8.
c3 Bd7 9. Kf2 Nf6 10. Bg5 Be7 11. Nf4 Be6 12. Bxf6 Bxf6 13. Nh5 Ke7 14. Na3 a6
15. Re1 Rhe8 16. Bg2 g6 17. Nxf6 Kxf6 18. Nc2 Ne7 19. Re5 Rad8 20. Rhe1 Nc6 21.
R5e2 g5 22. Ne3 h5 23. f4 gxf4 24. Nxd5+ Kg5 25. gxf4+ Kg6 26. Nxc7 Re7 27. Nxe6
fxe6 28. d5 Na5 29. Rxe6+ Rxe6 30. Rxe6+ Kh7 31. b4 Nc4 32. Re7+ Kg6 33. Rxb7
Kf5 34. Rf7+ Kg6 35. Rc7 Nd2 36. Ke3 Nb1 37. Be4+ 1-0

[Event "AUTO-ADV-979"]
[Site "http://www.queenalice.com/game.php?id=436702"]
[Date "2008.7.21"]
[Round "1"]
[White "chesplayer"]
[Black "modlazek"]
[Result "0-1"]
[WhiteElo "1611"]
[BlackElo "1971"]

1. e4 d5 2. exd5 Qxd5 3. Nf3 Nc6 4. Nc3 Qd6 5. Bc4 Be6 6. Ne4 Qb4 7. O-O Bxc4 8.
c3 Qa5 9. Re1 O-O-O 10. b3 Bd3 11. b4 Qd5 12. Neg5 h6 13. Nh3 Be4 14. Nf4 Bxf3
15. gxf3 Qf5 16. d4 e5 17. Ng2 exd4 18. cxd4 Nxd4 19. Re3 Nc2 20. Nh4 Qg5+ 21.
Kf1 Rxd1+ 22. Ke2 Qd8 23. Rb1 Re1# 0-1

[Event "AUTO-ADV-979"]
[Site "http://www.queenalice.com/game.php?id=436703"]
[Date "2008.7.21"]
[Round "1"]
[White "modlazek"]
[Black "chesplayer"]
[Result "1-0"]
[WhiteElo "1973"]
[BlackElo "1714"]

1. Nh3 d5 2. g3 Bxh3 3. Bxh3 Nc6 4. c3 d4 5. O-O dxc3 6. Nxc3 Nf6 7. Bg2 Nb4 8.
Qa4+ Nc6 9. Bxc6+ bxc6 10. Qxc6+ Nd7 11. Nb5 Rb8 12. Nxc7+ Qxc7 13. Qxc7 g6 14.
Qxa7 Bg7 15. d3 Rd8 16. Qa3 O-O 17. Qxe7 Ne5 18. Be3 Rde8 19. Qh4 Re6 20. Rac1
Bf6 21. Qf4 Rfe8 22. d4 g5 23. Qf5 Nd7 24. Bxg5 Bxd4 25. Rfd1 Rxe2 26. Rxd4 Re1+
27. Kg2 Rxc1 28. Rxd7 f6 29. Qxh7+ 1-0

[Event "AUTO-ADV-979"]
[Site "http://www.queenalice.com/game.php?id=436710"]
[Date "2008.7.21"]
[Round "1"]
[White "modlazek"]
[Black "trajan42"]
[Result "0-1"]
[WhiteElo "1986"]
[BlackElo "2115"]

1. b4 e6 2. b5 a6 3. e3 c6 4. bxc6 Nxc6 5. Be2 Nf6 6. Nf3 Be7 7. O-O O-O 8. d4
b5 9. a4 b4 10. Bb2 a5 11. c3 Ne4 12. cxb4 axb4 13. Qc2 f5 14. Nbd2 Nxd2 15.
Qxd2 d5 16. Rfc1 Bb7 17. Ne1 Na5 18. Qd1 Bd6 19. Bd3 Qb6 20. Nf3 Ba6 21. Bxa6
Qxa6 22. Ng5 Nc4 23. Qb3 Be7 24. f4 Bxg5 25. fxg5 Rfb8 26. Kh1 Qd6 27. Rc2 Qd8
28. g6 hxg6 29. Kg1 Na5 30. Qd3 b3 31. Rc3 Nc4 32. Rxc4 dxc4 33. Qxc4 Qd5 34.
Qxd5 exd5 35. a5 Re8 36. Ra3 Rxe3 37. a6 Re2 38. Rxb3 Rxa6 39. Ra3 Rb6 0-1

[Event "AUTO-ADV-979"]
[Site "http://www.queenalice.com/game.php?id=436711"]
[Date "2008.7.21"]
[Round "1"]
[White "trajan42"]
[Black "modlazek"]
[Result "1-0"]
[WhiteElo "2105"]
[BlackElo "1998"]

1. d4 Nf6 2. c4 e6 3. Nc3 Be7 4. e4 O-O 5. Bd3 c5 6. Nf3 cxd4 7. Nxd4 Bc5 8. Nb3
Bb4 9. e5 Bxc3+ 10. bxc3 Ne8 11. O-O f5 12. Ba3 Rf7 13. f4 Na6 14. c5 Nac7 15.
Nd4 Nd5 16. Qb3 Ne3 17. Rf3 Ng4 18. h3 Nh6 19. Nb5 Qh4 20. Rd1 a6 21. Nd4 Nc7
22. Bc4 Ne8 23. Qb6 g6 24. Bf1 Qe7 25. Rfd3 a5 26. Nf3 Rg7 27. Rd4 Nf7 28. Bc4
g5 29. c6 Qxa3 30. cxd7 Bxd7 31. Rxd7 Kh8 32. Qxb7 Qc5+ 33. Kh1 Qc8 34. Qxc8
Rxc8 35. Bxe6 Rc7 36. fxg5 f4 37. Bb3 Rxd7 38. Rxd7 Nxg5 39. Rd8 1-0

[Event "Challenge"]
[Site "http://www.queenalice.com/game.php?id=436814"]
[Date "2008.7.21"]
[Round "-"]
[White "bd517"]
[Black "modlazek"]
[Result "0-1"]
[WhiteElo "1986"]
[BlackElo "1954"]

1. e4 d5 2. exd5 Qxd5 3. Nc3 Qg5 4. d4 Qa5 5. Be2 Nf6 6. Nf3 e6 7. O-O Be7 8.
Ne5 c6 9. Bf4 O-O 10. Qd3 Nbd7 11. Nc4 Qd8 12. Qg3 Nb6 13. Bh6 Ne8 14. Nxb6 Qxb6
15. Rad1 Qxb2 16. Ne4 Qxc2 17. Bd3 Qxa2 18. Ng5 Kh8 19. Nxh7 gxh6 20. Nxf8 Bxf8
21. Bb1 Qd5 22. Qe5+ Qxe5 23. dxe5 Be7 24. f4 a5 25. f5 a4 26. Rf3 a3 27. f6
Bc5+ 28. Kf1 b6 29. Rh3 Bf8 30. Kf2 a2 31. Rd8 axb1=Q 32. Rxe8 Ra2+ 33. Ke3 Qb3+
0-1

[Event "Challenge"]
[Site "http://www.queenalice.com/game.php?id=443397"]
[Date "2008.8.4"]
[Round "-"]
[White "playerchess"]
[Black "modlazek"]
[Result "1-0"]
[WhiteElo "1598"]
[BlackElo "1910"]

1. e4 d5 2. exd5 Qxd5 3. Nf3 Nc6 4. Be2 Bg4 5. O-O O-O-O 6. Nc3 Qd7 7. d3 e5 8.
Bg5 Be7 9. Bxe7 Ngxe7 10. h3 Bxf3 11. Bxf3 Nd4 12. Ne4 Kb8 13. Ng5 Qf5 14. Ne4
Nxf3+ 15. Qxf3 Qxf3 16. gxf3 Nc6 17. a3 Nd4 18. Kg2 Nxc2 19. Rac1 Nd4 20. b4 f5
21. Nc5 b6 22. Na6+ Kb7 23. Nxc7 Rd7 24. a4 Rxc7 25. Rc4 Ne2 26. b5 Rd8 27. Re1
Nf4+ 28. Kg3 Nxd3 29. Rxc7+ Kxc7 30. Re2 Rd4 31. Ra2 Rb4 32. a5 Rxb5 33. axb6+
Kxb6 34. Ra3 f4+ 35. Kg2 Nc5 36. h4 Rb2 37. h5 a5 38. h6 gxh6 39. Ra1 1-0

[Event "AUTO-OPEN-1023"]
[Site "http://www.queenalice.com/game.php?id=460549"]
[Date "2008.9.9"]
[Round "2"]
[White "modlazek"]
[Black "terrazz"]
[Result "0-1"]
[WhiteElo "1948"]
[BlackElo "1732"]

1. Nh3 d5 2. g3 Nf6 3. Bg2 Bf5 4. O-O e5 5. c4 c6 6. cxd5 Nxd5 7. e4 Bxh3 8.
Bxh3 Nf6 9. Qb3 Qb6 10. Qxb6 axb6 11. d3 Bc5 12. Nd2 Nbd7 13. Nf3 h6 0-1

[Event "AUTO-OPEN-1023"]
[Site "http://www.queenalice.com/game.php?id=460550"]
[Date "2008.9.9"]
[Round "2"]
[White "terrazz"]
[Black "modlazek"]
[Result "1-0"]
[WhiteElo "1705"]
[BlackElo "1975"]

1. e4 c5 2. Nf3 g6 3. d4 Qa5+ 4. Bd2 Qc7 5. Nc3 e6 6. Be2 cxd4 7. Nxd4 Nc6 8.
Be3 Bg7 9. Ndb5 Bxc3+ 10. bxc3 Qe5 11. f4 Qg7 12. Nc7+ Kf8 13. Bc5+ Nge7 14.
Bxe7+ 1-0